| 000 | 00000nam##2200000za#4500 |
| 001 | 9.578117 |
| 003 | CaOODSP |
| 005 | 20210624185932 |
| 007 | cr ||||||||||| |
| 008 | 150406|1984||||xxc|||||o f|0| 0 eng|d |
| 022 | |a1488-5379 |
| 040 | |aCaOODSP|beng |
| 043 | |an-cn--- |
| 086 | 1 |aFs97-6/1328E-PDF |
| 110 | 1 |aCanada. |bDepartment of Fisheries and Oceans. |
| 245 | 10|aFreshwater Institute primary production model user's guide / |h[electronic resource]|cby E.J. Fee. |
| 260 | |aWinnipeg - Manitoba : |bFisheries and Oceans Canada |c1984. |
| 300 | |a42p.|breferences, tables |
| 490 | 1 |aCanadian technical report of fisheries and aquatic sciences|x1488-5379|vNo. 1328 |
| 500 | |aOn t.p.: Western Region, Winnipeg, Manitoba. The catalogue number and ISSN for the print edition appear in the PDF version. |
| 546 | |a(Résumé en français) |
| 590 | |a13-28-Supp|b2013-12-09 |
| 720 | 1 |aFee, E. J. |
| 830 | #0|aCanadian technical report of fisheries and aquatic sciences,|x1488-5379|vNo. 1328|w(CaOODSP)9.504449 |
| 856 | 40|ahttp://publications.gc.ca|qPDF|s434 KB|uhttps://publications.gc.ca/collections/collection_2013/mpo-dfo/Fs97-6-1328-eng.pdf|yNo. 1328 |